Associations transnationales internationales

Salvato in:
Dettagli Bibliografici
Natura: Periodico
Lingua:inglese
Pubblicazione: Bruselles Union of International Associations
Tags: Aggiungi Tag
Nessun Tag, puoi essere il primo ad aggiungerne!!

MARC

LEADER 00000nas1a2200000$$$4500
001 0007356
005 20041019155717.8
041 0 |a eng 
044 |a BE 
245 1 0 |a Associations transnationales internationales 
264 1 |a Bruselles  |b Union of International Associations